2024 NFL RB1s Part 2 - Statistics

General Stats
  • This quiz has been taken 20 times
  • The average score is 11 of 12
Answer Stats
Hint Answer % Correct
Ravens Derrick Henry
100%
Saints Alvin Kamara
95%
Falcons Bijan Robinson
95%
Dolphins De'von Achane
95%
Bills James Cook
95%
Steelers Najee Harris
95%
Browns Nick Chubb
95%
Jets Breece Hall
89%
Panthers Chubba Hubbard
89%
Buccaneers Rachaad White
89%
Patriots Rhamondre Stevenson
89%
Bengals Zach Moss
74%
No matching quizzes found
Score Distribution
Percent of People with Each Score
Percentile by Number Answered
Your Score History
You have not taken this quiz